000 00272nam a22000977a 4500
999 _c11520
_d11520
008 190531b ||||| |||| 00| 0 eng d
020 _a9788183506007
100 _aArora Preeti
_97125
245 _aComputer Science with C++ Vol-II XII
260 _aNew Delhi
_bSultan Chand
_c2018